Library Banner

Muntakhib taqreerain/ (Record no. 98889)

MARC details
000 -LEADER
fixed length control field 00380nam a22001457a 4500
005 - DATE AND TIME OF LATEST TRANSACTION
control field 20171006153337.0
008 - FIXED-LENGTH DATA ELEMENTS--GENERAL INFORMATION
fixed length control field 171006b xxu||||| |||| 00| 0 eng d
040 ## - CATALOGING SOURCE
Transcribing agency PK-LaUMT
082 ## - DEWEY DECIMAL CLASSIFICATION NUMBER
Classification number RHC 891.4395
Item number NAZ-M
100 ## - MAIN ENTRY--PERSONAL NAME
Personal name Nazir Anbalvi
245 ## - TITLE STATEMENT
Title Muntakhib taqreerain/
Statement of responsibility, etc Nazir Anbalvi
260 ## - PUBLICATION, DISTRIBUTION, ETC. (IMPRINT)
Place of publication, distribution, etc لاہور:
Name of publisher, distributor, etc مشتاق احمد،
Date of publication, distribution, etc 1996
300 ## - PHYSICAL DESCRIPTION
Extent 330 ص
942 ## - ADDED ENTRY ELEMENTS (KOHA)
Koha item type Books
Holdings
Withdrawn status Lost status Damaged status Home library Current library Date acquired Full call number Barcode Date last seen Price effective from Koha item type
      UMT Main Campus UMT Main Campus 2017-10-06 RHC 891.4395 NAZ-M 112818 2017-10-06 2017-10-06 Books